Geography Quiz

Random Geography or City Quiz

Irish Towns and Cites on a Map Quiz Stats

 Plays Quiz not verified by Sporcle

Challenge
Share
Tweet
Score 0/20 Timer 05:00
0 Plays Today
% Correct
Dublin
87.9%
Cork
84.8%
Derry
82.6%
Galway
80.7%
Belfast
78.8%
Waterford
78.5%
Limerick
74.9%
Drogheda
57.3%
Dundalk
55.6%
Newry
50.7%
% Correct
Bray
49%
Ennis
49%
Swords
46%
Navan
40.5%
Lisburn
39.1%
Bangor
36.4%
Ballymena
36.4%
Carrickfergus
30.9%
Newtownards
23.4%
Newtownabbey
19.3%

You're not logged in!

Compare scores with friends on all Sporcle quizzes.
Join for Free
OR
Log In

You Might Also Like...

Show Comments

Extras

Top Quizzes Today


Score Distribution

Your Account Isn't Verified!

In order to create a playlist on Sporcle, you need to verify the email address you used during registration. Go to your Sporcle Settings to finish the process.

Report this User

Report this user for behavior that violates our Community Guidelines.

Details: